000 00289nam a2200121Ia 4500
008 191201s2014 xx 000 0 und d
100 _aGUPTA,S.C.
245 0 _aFundamentals of statistics
260 _aN. delhi
_bHimalya pub
_c2014
300 _amisc
650 _aBBA
942 _2ddc
_cBK
_016
999 _c6458
_d6458